Sophie's Busy Day (Record no. 260734)
[ view plain ]
| 000 -LEADER | |
|---|---|
| fixed length control field | 00228nam a22000977a 4500 |
| 020 ## - INTERNATIONAL STANDARD BOOK NUMBER | |
| ISBN | 9781465409676 |
| 100 ## - MAIN ENTRY--AUTHOR NAME | |
| Personal name | Sophie la girafe |
| 245 ## - TITLE STATEMENT | |
| Title | Sophie's Busy Day |
| 260 ## - PUBLICATION, DISTRIBUTION, ETC. (IMPRINT) | |
| Place of publication | New York |
| Name of publisher | Dorling Kindersley Publisher |
| 942 ## - ADDED ENTRY ELEMENTS (KOHA) | |
| Koha item type | Long Loan Books |
| Withdrawn status | Lost status | Collection code | Home library | Current library | Shelving location | Date acquired | Accession Number | Koha item type |
|---|---|---|---|---|---|---|---|---|
| Fiction | Rongo University Library | Rongo University Library | Children's Area | 03/10/2023 | CL20222297 | Long Loan Books |
